[Event "Nordic School Team Championship 2010"]
[Site "Jetsmark"]
[Date "2010.09.11"]
[Round "2.3"]
[White "Fyhn, Thomas"]
[Black "Kristinn Lee, Gudmundur"]
[Result "0-1"]
[WhiteElo "1422"]
[BlackElo "1575"]
[PlyCount "134"]
[EventDate "2010.??.??"]
[EventType "team"]
[EventRounds "5"]
[EventCountry "DEN"]
[WhiteTeam "Denmark 1"]
[BlackTeam "Iceland"]
[WhiteTeamCountry "DEN"]
[BlackTeamCountry "ISL"]

1. e4 e5 2. Nf3 Nc6 3. Bb5 a6 4. Ba4 b5 5. Bb3 Bc5 6. c3 Nf6 7. d4 exd4 8. e5
Qe7 9. O-O Ng8 10. cxd4 Bb6 11. Bg5 Qf8 12. Nc3 h6 13. Be3 Bb7 14. Nd5 Ba5 15.
Bd2 O-O-O 16. Qc2 Bxd2 17. Nxd2 Nge7 18. Rfc1 Kb8 19. a4 Rc8 20. Qc3 Nxd5 21.
Bxd5 Qb4 22. axb5 axb5 23. Qxb4 Nxb4 24. Bxf7 Rhf8 25. Bg6 Nd5 26. Be4 Nf4 27.
Bxb7 Kxb7 28. Re1 Nd3 29. Re2 Nxb2 30. Rb1 Na4 31. Rxb5+ Nb6 32. g3 Ra8 33. Nc4
Kc6 34. Nxb6 Ra1+ 35. Kg2 Kxb5 36. Nxd7 Rd8 37. e6 Kc6 38. Ne5+ Kd5 39. Ng6 Ra6
40. e7 Re8 41. Nf8 Rf6 42. f4 Kd6 43. d5 Rxe7 44. Rxe7 Kxe7 45. Ne6 c6 46. Nxg7
cxd5 47. Kf3 Kf7 48. Nh5 Re6 49. f5 Re8 50. g4 d4 51. Nf4 Kf6 52. Ne6 Ke5 53.
h4 Rc8 54. g5 Rc3+ 55. Ke2 hxg5 56. hxg5 Rg3 57. Kf2 Ra3 58. Ke2 Ke4 59. Kd2
Ra2+ 60. Kd1 Ke3 61. Nc5 d3 62. Nb3 Rg2 63. Kc1 d2+ 64. Kb2 d1=Q+ 65. Kc3 Rc2+
66. Kb4 Rb2 67. Ka3 Qxb3# 0-1

[Event "Nordic School Team Championship 2010"]
[Site "Jetsmark"]
[Date "2010.09.11"]
[Round "2.4"]
[White "Sigurdsson, Birkir Karl"]
[Black "Pedersen, Anders"]
[Result "1-0"]
[WhiteElo "1440"]
[BlackElo "1197"]
[PlyCount "133"]
[EventDate "2010.??.??"]
[EventType "team"]
[EventRounds "5"]
[EventCountry "DEN"]
[WhiteTeam "Iceland"]
[BlackTeam "Denmark 1"]
[WhiteTeamCountry "ISL"]
[BlackTeamCountry "DEN"]

1. Nf3 c6 2. d4 d5 3. Nc3 Nf6 4. Bf4 Bf5 5. e3 Nbd7 6. Be2 e6 7. a3 Be7 8. O-O
O-O 9. Re1 Re8 10. Bd3 Bg6 11. e4 dxe4 12. Bxe4 Nxe4 13. Nxe4 Bxe4 14. Rxe4 Nf6
15. Re1 Qb6 16. b4 Nd5 17. Bg3 Bf6 18. c4 Ne7 19. Be5 Bxe5 20. dxe5 Rad8 21.
Qc2 Nf5 22. Rad1 h6 23. Rxd8 Rxd8 24. Rd1 Nd4 25. Nxd4 Rxd4 26. c5 Rxd1+ 27.
Qxd1 Qc7 28. Qd6 Qxd6 29. exd6 Kf8 30. Kf1 Ke8 31. Ke2 Kd7 32. Ke3 Kd8 33. Ke4
Kd7 34. g4 f6 35. f4 g5 36. a4 b6 37. a5 b5 38. a6 Kd8 39. fxg5 hxg5 40. Ke3
Kd7 41. Kf3 Kd8 42. Kg3 Kd7 43. h4 gxh4+ 44. Kxh4 Kd8 45. g5 fxg5+ 46. Kxg5 Ke8
47. Kg6 Kd8 48. Kf6 Kd7 49. Ke5 Kd8 50. Kxe6 Ke8 51. Kf6 Kd8 52. d7 Kxd7 53.
Kf7 Kd8 54. Ke6 Kc7 55. Ke7 Kb8 56. Kd6 Ka8 57. Kxc6 Kb8 58. Kxb5 Kc7 59. Kc4
Kb8 60. b5 Kc7 61. Kd5 Kb8 62. Kc6 Ka8 63. b6 Kb8 64. Kb5 Ka8 65. c6 axb6 66.
Kxb6 Kb8 67. c7+ 1-0

[Event "Nordic School Team Championship 2010"]
[Site "Jetsmark"]
[Date "2010.09.11"]
[Round "3.1"]
[White "Guttulsrud, Odd Martin"]
[Black "Randrup, Morten"]
[Result "1-0"]
[WhiteElo "2024"]
[BlackElo "1490"]
[PlyCount "43"]
[EventDate "2010.??.??"]
[EventType "team"]
[EventRounds "5"]
[EventCountry "DEN"]
[WhiteTeam "Norway"]
[BlackTeam "Denmark 2"]
[WhiteTeamCountry "NOR"]
[BlackTeamCountry "DEN"]

1. e4 e5 2. Nf3 Nc6 3. Bb5 Bc5 4. O-O Nge7 5. c3 a6 6. Ba4 b5 7. Bb3 d6 8. d4
exd4 9. cxd4 Bb6 10. Ng5 d5 11. exd5 Nxd4 12. d6 Nxb3 13. Qxb3 cxd6 14. Nxf7
Qc7 15. Nxh8 d5 16. Bg5 Be6 17. Nc3 O-O-O 18. Rac1 Kb7 19. Nxb5 Qd7 20. Nd4
Rxh8 21. Nxe6 Qxe6 22. Rce1 1-0

[Event "Nordic School Team Championship 2010"]
[Site "Jetsmark"]
[Date "2010.09.11"]
[Round "3.2"]
[White "Sondergaard, Helene B"]
[Black "Kjoita, Henning"]
[Result "0-1"]
[WhiteElo "1529"]
[BlackElo "1862"]
[PlyCount "78"]
[EventDate "2010.??.??"]
[EventType "team"]
[EventRounds "5"]
[EventCountry "DEN"]
[WhiteTeam "Denmark 2"]
[BlackTeam "Norway"]
[WhiteTeamCountry "DEN"]
[BlackTeamCountry "NOR"]

1. d4 d5 2. c4 e6 3. Nc3 c5 4. dxc5 d4 5. Ne4 Bxc5 6. Nxc5 Qa5+ 7. Bd2 Qxc5 8.
Qc2 Nc6 9. Nf3 Nf6 10. h3 O-O 11. a3 a5 12. e4 e5 13. Bd3 h6 14. O-O Be6 15. b3
Rfc8 16. g4 Qe7 17. Kh2 Nd7 18. Ne1 g5 19. Qb2 Kg7 20. Kg2 Rh8 21. Nc2 h5 22.
f3 Rh7 23. Rh1 Nc5 24. Ne1 Rah8 25. Be2 hxg4 26. fxg4 Nxe4 27. Bd3 Nc5 28. Bxh7
Rxh7 29. Nf3 Nd3 30. Qc2 e4 31. Nxg5 Rh8 32. Nxe4 Bd5 33. cxd5 Qxe4+ 34. Kg1
Nce5 35. Qd1 Nf3+ 36. Kf1 Nxd2+ 37. Qxd2 Qxh1+ 38. Ke2 Re8+ 39. Kxd3 Qe4+ 0-1

[Event "Nordic School Team Championship 2010"]
[Site "Jetsmark"]
[Date "2010.09.11"]
[Round "3.3"]
[White "Kjoita, Torgeir"]
[Black "Vestergaard, Steven"]
[Result "1-0"]
[WhiteElo "1562"]
[BlackElo "1594"]
[PlyCount "57"]
[EventDate "2010.??.??"]
[EventType "team"]
[EventRounds "5"]
[EventCountry "DEN"]
[WhiteTeam "Norway"]
[BlackTeam "Denmark 2"]
[WhiteTeamCountry "NOR"]
[BlackTeamCountry "DEN"]

1. e4 Nf6 2. Nc3 d5 3. exd5 Nxd5 4. Bc4 Nb6 5. Bb3 Bf5 6. Qf3 e6 7. Nge2 Nc6 8.
d3 Be7 9. Bf4 O-O 10. O-O-O Na5 11. g4 Nxb3+ 12. axb3 Bg6 13. Qxb7 Bd6 14. Qf3
a5 15. h4 f5 16. Bxd6 fxg4 17. Qxf8+ Qxf8 18. Bxf8 Rxf8 19. h5 Bf5 20. Nd4 c5
21. Nxf5 Rxf5 22. Ne4 Nd7 23. d4 Nf6 24. Nxf6+ gxf6 25. Rhg1 Rxh5 26. Rxg4+ Kf8
27. dxc5 Rxc5 28. Rc4 Rf5 29. Rd7 1-0

[Event "Nordic School Team Championship 2010"]
[Site "Jetsmark"]
[Date "2010.09.11"]
[Round "3.4"]
[White "Sondergaard, Jonas"]
[Black "Bohler, Johannes Hova"]
[Result "0-1"]
[WhiteElo "1374"]
[BlackElo "1317"]
[PlyCount "46"]
[EventDate "2010.??.??"]
[EventType "team"]
[EventRounds "5"]
[EventCountry "DEN"]
[WhiteTeam "Denmark 2"]
[BlackTeam "Norway"]
[WhiteTeamCountry "DEN"]
[BlackTeamCountry "NOR"]

1. e4 e5 2. Nf3 Nc6 3. Bc4 Bc5 4. Nc3 Nf6 5. O-O d6 6. h3 Be6 7. Bb3 h6 8. Re1
Qd7 9. Ba4 O-O 10. Nd5 Nxe4 11. Rxe4 Bxd5 12. Rh4 Qe7 13. Rg4 h5 14. Rg3 h4 15.
Rg4 f5 16. Rg6 Kh7 17. d4 Bxf3 18. Qxf3 Kxg6 19. dxc5 e4 20. cxd6 cxd6 21. Qe3
Ne5 22. Bd2 Qg5 23. Qd4 Nf3+ 0-1

[Event "Nordic School Team Championship 2010"]
[Site "Jetsmark"]
[Date "2010.09.11"]
[Round "3.1"]
[White "Andrason, Pall"]
[Black "Eidenert, Carl"]
[Result "0-1"]
[WhiteElo "1665"]
[BlackElo "1946"]
[PlyCount "96"]
[EventDate "2010.??.??"]
[EventType "team"]
[EventRounds "5"]
[EventCountry "DEN"]
[WhiteTeam "Iceland"]
[BlackTeam "Sweden"]
[WhiteTeamCountry "ISL"]
[BlackTeamCountry "SWE"]

1. f4 Nf6 2. Nf3 g6 3. e3 Bg7 4. d4 O-O 5. Bd3 c5 6. c3 b6 7. O-O Bb7 8. Nbd2
d6 9. e4 cxd4 10. Nxd4 Nbd7 11. N4f3 Nc5 12. Qc2 Nxd3 13. Qxd3 Nd7 14. Nb3 a5
15. Be3 Ba6 16. c4 Rc8 17. Nbd2 Bxb2 18. Rab1 Bg7 19. Rfc1 Qc7 20. Qb3 Rb8 21.
f5 Nc5 22. Qc2 Rfc8 23. fxg6 hxg6 24. Nd4 Nd7 25. Qd1 Ne5 26. Nb5 Qd7 27. a4
Bxb5 28. cxb5 Ng4 29. Qe2 Rc3 30. Rxc3 Bxc3 31. Nf1 Bb4 32. h3 Nxe3 33. Nxe3
Bc5 34. Kh1 Bxe3 35. Qxe3 Qe6 36. Rc1 d5 37. Qc3 dxe4 38. Qc7 Qd6 39. Qc3 Rd8
40. Qe3 Qd2 41. Qg1 Qd4 42. Qe1 Qxa4 43. Qh4 Rd1+ 44. Rxd1 Qxd1+ 45. Kh2 Qd6+
46. Kh1 Qe5 47. g4 a4 48. Qf2 e3 0-1

[Event "Nordic School Team Championship 2010"]
[Site "Jetsmark"]
[Date "2010.09.11"]
[Round "3.2"]
[White "Luening, Hanna"]
[Black "Brynjarsson, Eirikur Orn"]
[Result "1/2-1/2"]
[WhiteElo "1622"]
[BlackElo "1585"]
[PlyCount "34"]
[EventDate "2010.??.??"]
[EventType "team"]
[EventRounds "5"]
[EventCountry "DEN"]
[WhiteTeam "Sweden"]
[BlackTeam "Iceland"]
[WhiteTeamCountry "SWE"]
[BlackTeamCountry "ISL"]

1. c4 c5 2. Nf3 g6 3. Nc3 Bg7 4. g3 e6 5. Bg2 Ne7 6. Rb1 d5 7. d3 d4 8. Ne4 Qc7
9. O-O O-O 10. Nfd2 f5 11. Ng5 Nbc6 12. Nb3 Qd6 13. Nf3 e5 14. Nbd2 Bd7 15. a3
a5 16. Qc2 Rab8 17. Qd1 b6 1/2-1/2

[Event "Nordic School Team Championship 2010"]
[Site "Jetsmark"]
[Date "2010.09.11"]
[Round "3.3"]
[White "Kristinn Lee, Gudmundur"]
[Black "Eidenert, Ellen"]
[Result "1-0"]
[WhiteElo "1575"]
[BlackElo "1348"]
[PlyCount "115"]
[EventDate "2010.??.??"]
[EventType "team"]
[EventRounds "5"]
[EventCountry "DEN"]
[WhiteTeam "Iceland"]
[BlackTeam "Sweden"]
[WhiteTeamCountry "ISL"]
[BlackTeamCountry "SWE"]

1. e4 d5 2. exd5 Qxd5 3. Nc3 Qd6 4. Nf3 Nf6 5. g3 c6 6. Bg2 Bf5 7. O-O e6 8. d3
Be7 9. Bf4 Qb4 10. Rb1 O-O 11. a3 Qb6 12. Ne2 Nbd7 13. Ned4 Bg4 14. Qe1 Qc5 15.
Be3 Qh5 16. Nd2 Bh3 17. Ne2 Bxg2 18. Nf4 Qh6 19. Nxg2 Qh3 20. Nf3 Ng4 21. Nf4
Qh6 22. Nd5 Nxe3 23. Nxe7+ Kh8 24. fxe3 Rfe8 25. Nxc6 bxc6 26. e4 Rab8 27. Qd2
Qh5 28. Qg5 Rb5 29. Qxh5 Rxh5 30. Rf2 Rb8 31. Nd4 Ne5 32. b3 Rd8 33. Nf3 Nxf3+
34. Rxf3 Kg8 35. b4 Rb8 36. d4 a5 37. Rfb3 a4 38. Rc3 Rb6 39. Rc5 Rxc5 40. dxc5
Rb8 41. Rd1 f5 42. e5 Kf8 43. Kf2 Ke7 44. Ke3 g5 45. Rd6 Rc8 46. c4 h6 47. Kd4
Rd8 48. b5 Rxd6+ 49. exd6+ Kd7 50. b6 Kc8 51. Ke5 f4 52. gxf4 g4 53. Kxe6 g3
54. hxg3 h5 55. d7+ Kb7 56. d8=Q h4 57. Qc7+ Ka6 58. Qa7# 1-0

[Event "Nordic School Team Championship 2010"]
[Site "Jetsmark"]
[Date "2010.09.11"]
[Round "3.4"]
[White "Alander, Johannes"]
[Black "Sigurdsson, Birkir Karl"]
[Result "1/2-1/2"]
[WhiteElo "1345"]
[BlackElo "1440"]
[PlyCount "95"]
[EventDate "2010.??.??"]
[EventType "team"]
[EventRounds "5"]
[EventCountry "DEN"]
[WhiteTeam "Sweden"]
[BlackTeam "Iceland"]
[WhiteTeamCountry "SWE"]
[BlackTeamCountry "ISL"]

1. e4 c5 2. Nf3 Nc6 3. d4 cxd4 4. Nxd4 g6 5. Nc3 Bg7 6. Be3 Nf6 7. Be2 O-O 8.
O-O d5 9. exd5 Nxd5 10. Nxd5 Qxd5 11. c3 Nxd4 12. Bxd4 Qa5 13. Bxg7 Kxg7 14.
Qd4+ Kg8 15. Rfd1 Be6 16. Bc4 Rfd8 17. Qe4 Qh5 18. Re1 Bxc4 19. Qxc4 e6 20. Qb3
Qd5 21. Qxd5 Rxd5 22. Rad1 Rad8 23. Rxd5 Rxd5 24. Kf1 Rd2 25. Re2 Rd5 26. g3
Kg7 27. Re4 Kf6 28. Rb4 b6 29. Ra4 a5 30. b4 Rd3 31. bxa5 bxa5 32. Rxa5 Rxc3
33. a4 Rc8 34. Kg2 Rb8 35. Ra7 h6 36. a5 Kg7 37. a6 Kf6 38. Rb7 Ra8 39. a7 e5
40. Kf3 Ke6 41. Ke3 f5 42. f3 g5 43. f4 exf4+ 44. gxf4 g4 45. Rb6+ Kd5 46. Rb5+
Ke6 47. Rb6+ Kd5 48. Rb5+ 1/2-1/2

[Event "Nordic School Team Championship 2010"]
[Site "Jetsmark"]
[Date "2010.09.11"]
[Round "3.1"]
[White "Nordman, Joonas"]
[Black "Christensen, Simon Ellegaard"]
[Result "1-0"]
[WhiteElo "1909"]
[BlackElo "1807"]
[PlyCount "69"]
[EventDate "2010.??.??"]
[EventType "team"]
[EventRounds "5"]
[EventCountry "DEN"]
[WhiteTeam "Finland"]
[BlackTeam "Denmark 1"]
[WhiteTeamCountry "FIN"]
[BlackTeamCountry "DEN"]

1. e4 c5 2. Nc3 d6 3. g3 g6 4. Bg2 Bg7 5. d3 e6 6. Be3 Ne7 7. Qd2 Nbc6 8. Nge2
Bd7 9. O-O a6 10. a4 Qc7 11. Rad1 O-O 12. Bh6 Nd4 13. Bxg7 Nxe2+ 14. Nxe2 Kxg7
15. f4 f5 16. Qc3+ Kg8 17. d4 Rad8 18. e5 d5 19. dxc5 Bxa4 20. Nd4 Bd7 21. Qa3
Rc8 22. b4 a5 23. c3 Ra8 24. b5 Kf7 25. b6 Qd8 26. Rd2 a4 27. Rfd1 Ra5 28. Qb4
Qa8 29. c4 dxc4 30. Nxf5 gxf5 31. Rxd7 a3 32. Bxb7 Ra4 33. Qb5 Qa5 34. Rxe7+
Kg8 35. Qd7 1-0

[Event "Nordic School Team Championship 2010"]
[Site "Jetsmark"]
[Date "2010.09.11"]
[Round "3.2"]
[White "Seirup, Simon"]
[Black "Alhajaj, Amjad"]
[Result "0-1"]
[WhiteElo "1393"]
[BlackElo "1637"]
[PlyCount "128"]
[EventDate "2010.??.??"]
[EventType "team"]
[EventRounds "5"]
[EventCountry "DEN"]
[WhiteTeam "Denmark 1"]
[BlackTeam "Finland"]
[WhiteTeamCountry "DEN"]
[BlackTeamCountry "FIN"]

1. d4 d5 2. c4 e6 3. Nc3 Nf6 4. Bg5 Nbd7 5. cxd5 exd5 6. e3 Be7 7. Bd3 h6 8.
Bxf6 Nxf6 9. Nge2 O-O 10. O-O b6 11. f3 Bb7 12. e4 dxe4 13. fxe4 Ng4 14. Rf3
Bg5 15. Kh1 Be3 16. Qf1 Qh4 17. h3 Nf2+ 18. Kh2 Nxd3 19. Rxe3 Nxb2 20. Ng3 a5
21. Rb1 Ba6 22. Nb5 c6 23. Rxb2 Bxb5 24. Rxb5 cxb5 25. Qxb5 Qd8 26. d5 Qc7 27.
e5 Rad8 28. d6 Qb7 29. Rb3 Rfe8 30. Nf5 Kh7 31. Ne7 Rxe7 32. dxe7 Qxe7 33. Rd3
Rxd3 34. Qxd3+ g6 35. Qd6 Qe6 36. Kg3 Kg7 37. Kf3 Qxd6 38. exd6 Kf6 39. Ke4 Ke6
40. d7 f5+ 41. Kd4 Kxd7 42. Kd5 a4 43. a3 g5 44. g3 b5 45. Kc5 f4 46. gxf4 gxf4
47. Kd4 f3 48. Ke3 b4 49. axb4 a3 50. Kxf3 a2 51. Kg4 a1=Q 52. h4 Qc1 53. Kh5
Kc6 54. Kg4 Kb5 55. Kh5 Kxb4 56. Kg4 Qd1+ 57. Kg3 Qh5 58. Kh3 Kc4 59. Kg3 Qg6+
60. Kh3 h5 61. Kh2 Kd3 62. Kh3 Ke3 63. Kh2 Kf2 64. Kh1 Qg2# 0-1

[Event "Nordic School Team Championship 2010"]
[Site "Jetsmark"]
[Date "2010.09.11"]
[Round "3.3"]
[White "Wiklund, Samuel"]
[Black "Fyhn, Thomas"]
[Result "0-1"]
[WhiteElo "1507"]
[BlackElo "1422"]
[PlyCount "76"]
[EventDate "2010.??.??"]
[EventType "team"]
[EventRounds "5"]
[EventCountry "DEN"]
[WhiteTeam "Finland"]
[BlackTeam "Denmark 1"]
[WhiteTeamCountry "FIN"]
[BlackTeamCountry "DEN"]

1. d4 d6 2. e4 g6 3. Nf3 Bg7 4. Be3 Nd7 5. c3 a6 6. Nbd2 e5 7. Be2 Ngf6 8. h3
b5 9. O-O Bb7 10. d5 O-O 11. a4 c6 12. axb5 axb5 13. Rxa8 Qxa8 14. Qc2 cxd5 15.
exd5 Nxd5 16. Bxb5 N7b6 17. c4 Nxe3 18. fxe3 Bh6 19. e4 Qa7 20. Kh1 Rc8 21. b4
Bc6 22. Bxc6 Rxc6 23. b5 Rc5 24. g4 Bf4 25. Rc1 Qc7 26. Kg2 Nxc4 27. Nxc4 Bxc1
28. Qxc1 Rxc4 29. Qh6 f6 30. Qh4 Kg7 31. g5 Qf7 32. b6 Rb4 33. gxf6+ Qxf6 34.
Ng5 h6 35. Nf3 Qxh4 36. Nxh4 Rxb6 37. Kf3 Rb3+ 38. Ke2 Rxh3 0-1

[Event "Nordic School Team Championship 2010"]
[Site "Jetsmark"]
[Date "2010.09.11"]
[Round "3.4"]
[White "Nielsen, Jonas Burgel Sindal"]
[Black "Ruhanen, Eero"]
[Result "1/2-1/2"]
[WhiteElo "1326"]
[BlackElo "1475"]
[PlyCount "113"]
[EventDate "2010.??.??"]
[EventType "team"]
[EventRounds "5"]
[EventCountry "DEN"]
[WhiteTeam "Denmark 1"]
[BlackTeam "Finland"]
[WhiteTeamCountry "DEN"]
[BlackTeamCountry "FIN"]

1. d4 d5 2. c4 c6 3. Nc3 Nf6 4. Bg5 e6 5. e3 Nbd7 6. cxd5 exd5 7. Bd3 Be7 8.
Nf3 O-O 9. O-O Re8 10. Qc2 h6 11. Bh4 Nf8 12. Bxf6 Bxf6 13. h3 Ne6 14. Qd2 Qc7
15. Rad1 b6 16. Bb1 a5 17. a4 Be7 18. Qc2 Nf8 19. Rfe1 Bb4 20. Nxd5 Qb7 21.
Nxb4 axb4 22. Qb3 Qe7 23. Ne5 c5 24. Nf3 Bd7 25. Qd3 Bxa4 26. Rd2 Bc6 27. Ne5
Rac8 28. Nxc6 Rxc6 29. Qf1 Rd6 30. Rde2 Qd7 31. dxc5 bxc5 32. Ba2 Rd8 33. Bb3
Qc7 34. Rc2 Rd2 35. Rxd2 Rxd2 36. Rb1 Nd7 37. Qc1 Rd6 38. Qc2 Nb6 39. Rd1 Rxd1+
40. Qxd1 c4 41. Bc2 c3 42. b3 Nc8 43. Qd3 g6 44. Qb5 Qb6 45. Qe8+ Kg7 46. Qxc8
Qd6 47. Qa8 Qd2 48. Qa2 Qe1+ 49. Kh2 Qxf2 50. e4 Qf4+ 51. Kg1 Qe3+ 52. Kf1 Qf4+
53. Ke1 Qe3+ 54. Kf1 Qf4+ 55. Ke2 Qd2+ 56. Kf1 Qf4+ 57. Kg1 1/2-1/2

[Event "Nordic School Team Championship 2010"]
[Site "Jetsmark"]
[Date "2010.09.12"]
[Round "4.1"]
[White "Randrup, Morten"]
[Black "Eidenert, Carl"]
[Result "0-1"]
[WhiteElo "1490"]
[BlackElo "1946"]
[PlyCount "134"]
[EventDate "2010.??.??"]
[EventType "team"]
[EventRounds "5"]
[EventCountry "DEN"]
[WhiteTeam "Denmark 2"]
[BlackTeam "Sweden"]
[WhiteTeamCountry "DEN"]
[BlackTeamCountry "SWE"]

1. e4 c6 2. d4 d5 3. Nc3 dxe4 4. Nxe4 Bf5 5. Ng3 Bg6 6. Nf3 Nd7 7. Be3 e6 8.
Be2 Ngf6 9. O-O Be7 10. c3 Qc7 11. Qd2 Nd5 12. Bg5 Bxg5 13. Nxg5 h6 14. N5e4
O-O 15. f3 Rad8 16. Rad1 Rfe8 17. Rfe1 c5 18. Bb5 cxd4 19. Qxd4 a6 20. Bxd7
Rxd7 21. Qc5 Red8 22. c4 b6 23. Qxc7 Nxc7 24. Rxd7 Rxd7 25. Kf2 Kf8 26. a3 Ke7
27. h4 Rd4 28. c5 bxc5 29. Nxc5 Rxh4 30. Rd1 Ke8 31. Rd7 Nb5 32. Rb7 Rc4 33.
Rb8+ Ke7 34. Rb7+ Kd6 35. Nce4+ Kc6 36. Rb8 Kc7 37. Rg8 Rc2+ 38. Kg1 Rxb2 39.
Rxg7 Nxa3 40. Nc5 Rb6 41. Ne2 Kd6 42. Na4 Rb4 43. Nac3 Ke7 44. Rg8 Nb1 45. Ra8
Nxc3 46. Nxc3 Rb6 47. Kf2 Kd6 48. Ra7 Rc6 49. Ne2 Kc5 50. Ke3 Kb6 51. Ra8 Kb7
52. Rh8 h5 53. Rd8 a5 54. Rd2 Ka6 55. Ra2 e5 56. f4 exf4+ 57. Kxf4 Rc2 58. Rxc2
Bxc2 59. Kg5 Bg6 60. Nc3 Kb6 61. Na4+ Kb5 62. Nc3+ Kb4 63. Nd5+ Kb3 64. Nb6 a4
65. Nxa4 Kxa4 66. Kf4 Kb4 67. Ke3 Kc3 0-1

[Event "Nordic School Team Championship 2010"]
[Site "Jetsmark"]
[Date "2010.09.12"]
[Round "4.2"]
[White "Bjerkliden, Mathias"]
[Black "Vestergaard, Steven"]
[Result "1-0"]
[WhiteElo "1668"]
[BlackElo "1594"]
[PlyCount "51"]
[EventDate "2010.??.??"]
[EventType "team"]
[EventRounds "5"]
[EventCountry "DEN"]
[WhiteTeam "Sweden"]
[BlackTeam "Denmark 2"]
[WhiteTeamCountry "SWE"]
[BlackTeamCountry "DEN"]

1. e4 Nf6 2. e5 Nd5 3. Nf3 d6 4. c4 Nb6 5. exd6 cxd6 6. b3 Bg4 7. Bb2 Nc6 8. h3
Bh5 9. Be2 e5 10. O-O Be7 11. Nxe5 dxe5 12. Bxh5 O-O 13. Re1 Bf6 14. Bc3 a5 15.
Na3 Nd4 16. Nc2 a4 17. Nxd4 exd4 18. Bb4 Re8 19. d3 Qc7 20. Rxe8+ Rxe8 21. Ba5
Qc5 22. b4 Qc6 23. Bf3 Qe6 24. Bxb6 Qxb6 25. Qxa4 Re7 26. Qa8+ 1-0

[Event "Nordic School Team Championship 2010"]
[Site "Jetsmark"]
[Date "2010.09.12"]
[Round "4.3"]
[White "Sondergaard, Jonas"]
[Black "Luening, Hanna"]
[Result "0-1"]
[WhiteElo "1374"]
[BlackElo "1622"]
[PlyCount "102"]
[EventDate "2010.??.??"]
[EventType "team"]
[EventRounds "5"]
[EventCountry "DEN"]
[WhiteTeam "Denmark 2"]
[BlackTeam "Sweden"]
[WhiteTeamCountry "DEN"]
[BlackTeamCountry "SWE"]

1. e4 c5 2. Nc3 Nc6 3. Nf3 Nf6 4. Bc4 e6 5. d4 cxd4 6. Nxd4 a6 7. Nxc6 bxc6 8.
e5 Nd5 9. Nxd5 cxd5 10. Bd3 g6 11. O-O Bg7 12. f4 d6 13. Qe2 O-O 14. Bd2 dxe5
15. fxe5 Qb6+ 16. Kh1 Qxb2 17. Rfe1 Qb6 18. Rf1 a5 19. Bg5 Ba6 20. Bf6 Bxd3 21.
cxd3 Qc7 22. d4 Rfc8 23. Qf2 Qc2 24. Qf4 Qc7 25. Bxg7 Kxg7 26. Qf6+ Kg8 27. h4
Rf8 28. Rf3 Qd8 29. Qf4 Qe7 30. Raf1 Kg7 31. Qg4 Rac8 32. a3 a4 33. h5 Rb8 34.
hxg6 hxg6 35. Rh3 Rh8 36. Rxh8 Rxh8+ 37. Kg1 Qh4 38. Qd1 Qh2+ 39. Kf2 Qf4+ 40.
Ke2 Qg4+ 41. Kf2 Qxd1 42. Rxd1 Rc8 43. Rd3 Rb8 44. Ke1 f6 45. exf6+ Kxf6 46.
Rf3+ Kg5 47. Rg3+ Kf5 48. Rf3+ Ke4 49. Rf6 Kxd4 50. Rxe6 Rb3 51. Rxg6 Rxa3 0-1

[Event "Nordic School Team Championship 2010"]
[Site "Jetsmark"]
[Date "2010.09.12"]
[Round "4.4"]
[White "Eidenert, Ellen"]
[Black "Larsen, Kristine Aaen"]
[Result "1-0"]
[WhiteElo "1348"]
[BlackElo "1200"]
[PlyCount "71"]
[EventDate "2010.??.??"]
[EventType "team"]
[EventRounds "5"]
[EventCountry "DEN"]
[WhiteTeam "Sweden"]
[BlackTeam "Denmark 2"]
[WhiteTeamCountry "SWE"]
[BlackTeamCountry "DEN"]

1. c4 e5 2. Nc3 Nc6 3. g3 Bb4 4. Bg2 Nge7 5. Nf3 d6 6. O-O O-O 7. d4 Ng6 8. Nd5
a6 9. Bg5 f6 10. Bd2 Bxd2 11. Qxd2 e4 12. Ne1 Re8 13. Nc2 f5 14. Rad1 Nce7 15.
Nf4 Nxf4 16. Qxf4 d5 17. b3 c6 18. f3 Ng6 19. Qd2 Rf8 20. fxe4 fxe4 21. Rxf8+
Qxf8 22. Rf1 Qe7 23. Nb4 Be6 24. cxd5 cxd5 25. Nc2 Rf8 26. Rxf8+ Qxf8 27. Qa5
Qc8 28. Ne3 Ne7 29. Qd2 Bh3 30. Qb4 Nc6 31. Bxh3 Qxh3 32. Qxb7 Qh6 33. Nxd5
Qc1+ 34. Kf2 Nd8 35. Qd7 Nf7 36. Qe8# 1-0

[Event "Nordic School Team Championship 2010"]
[Site "Jetsmark"]
[Date "2010.09.12"]
[Round "4.1"]
[White "Christensen, Simon Ellegaard"]
[Black "Guttulsrud, Odd Martin"]
[Result "0-1"]
[WhiteElo "1807"]
[BlackElo "2024"]
[PlyCount "74"]
[EventDate "2010.??.??"]
[EventType "team"]
[EventRounds "5"]
[EventCountry "DEN"]
[WhiteTeam "Denmark 1"]
[BlackTeam "Norway"]
[WhiteTeamCountry "DEN"]
[BlackTeamCountry "NOR"]

1. d4 Nf6 2. Nc3 d5 3. Bg5 c5 4. e3 e6 5. f4 Qb6 6. Rb1 Nc6 7. Bb5 cxd4 8. exd4
Bb4 9. Qd3 Ne4 10. Bh4 Bd7 11. Rd1 Nxc3 12. bxc3 Bxc3+ 13. Qxc3 Qxb5 14. Ne2
Qa5 15. Qxa5 Nxa5 16. Rb1 Rc8 17. c3 a6 18. Kd1 Ba4+ 19. Kc1 Bb5 20. Re1 Bxe2
21. Rxe2 Rxc3+ 22. Rc2 Rxc2+ 23. Kxc2 b5 24. a4 Nc4 25. Kc3 Nd6 26. g4 Kd7 27.
axb5 Nxb5+ 28. Kd3 Rc8 29. Be1 Rc4 30. Rb4 Rxb4 31. Bxb4 Nd6 32. h4 Ne4 33. Be1
Kc6 34. Kc2 Kb5 35. Kb3 a5 36. h5 a4+ 37. Ka3 Kc4 0-1

[Event "Nordic School Team Championship 2010"]
[Site "Jetsmark"]
[Date "2010.09.12"]
[Round "4.2"]
[White "Botheim, Tor"]
[Black "Seirup, Simon"]
[Result "1-0"]
[WhiteElo "1849"]
[BlackElo "1393"]
[PlyCount "57"]
[EventDate "2010.??.??"]
[EventType "team"]
[EventRounds "5"]
[EventCountry "DEN"]
[WhiteTeam "Norway"]
[BlackTeam "Denmark 1"]
[WhiteTeamCountry "NOR"]
[BlackTeamCountry "DEN"]

1. e4 d5 2. exd5 Qxd5 3. d4 Nf6 4. Nc3 Qa5 5. Bc4 c6 6. Nf3 Bg4 7. h3 Bxf3 8.
Qxf3 e6 9. O-O Bd6 10. Ne4 Nxe4 11. Qxe4 Qc7 12. Qg4 g6 13. Bg5 Be7 14. Bf4 Bd6
15. Bh6 Bf8 16. Bf4 Bd6 17. Bg5 Be7 18. Rfe1 Bxg5 19. Qxg5 Qd8 20. Qh6 Qxd4 21.
Bxe6 fxe6 22. Rxe6+ Kf7 23. Rae1 Nd7 24. c3 Qd5 25. Re7+ Kf6 26. Qg7+ Kg5 27.
Rxd7 Rag8 28. Rxd5+ Kf4 29. Qe5# 1-0

[Event "Nordic School Team Championship 2010"]
[Site "Jetsmark"]
[Date "2010.09.12"]
[Round "4.3"]
[White "Fyhn, Thomas"]
[Black "Kjoita, Henning"]
[Result "0-1"]
[WhiteElo "1422"]
[BlackElo "1862"]
[PlyCount "60"]
[EventDate "2010.??.??"]
[EventType "team"]
[EventRounds "5"]
[EventCountry "DEN"]
[WhiteTeam "Denmark 1"]
[BlackTeam "Norway"]
[WhiteTeamCountry "DEN"]
[BlackTeamCountry "NOR"]

1. e4 c5 2. Nf3 Nc6 3. Bc4 g6 4. O-O Bg7 5. c3 e6 6. Re1 Nge7 7. d3 d5 8. exd5
exd5 9. Bb5 O-O 10. Bf4 Qb6 11. Bxc6 Nxc6 12. Qd2 Bf5 13. b3 Rfe8 14. Na3 Rxe1+
15. Nxe1 Qa5 16. Nb1 b5 17. Qc1 Re8 18. Be3 Nd4 19. Kf1 Nxb3 20. axb3 Qxa1 21.
Bxc5 Bxc3 22. Be3 Bxe1 23. Kxe1 d4 24. Ke2 dxe3 25. fxe3 Qa2+ 26. Nd2 Rd8 27.
e4 Rc8 28. Qd1 Bg4+ 29. Kf1 Bxd1 30. Kg1 Qxd2 0-1